000
00349nam a2200145Ia 4500
005
20250923144229.0
008
008 250917s9999 xx 000 0 eng d
037
_a
Reference
040
_a
DSWL
_b
eng
_c
DSWL
041
_a
eng
_2
eng
084
_q
DSWL
245
0
_a
New American Webster dictionary
942
_c
REF
999
_c
1436350
_d
1436350